Nejen o humoru

Bibliographic Details
Main Author: Hájková, Alena, 1926-2013 (Author)
Format: Book
Language:Czech
PhysicalDescription:180 s. 18 cm
Published: Praha Československý spisovateľ
Edition:1. vyd.
Series:Kritické rozhledy
Subjects:

MARC

LEADER 00000cam a2200000 a 4500
001 vtls001497031
003 SK-MaSNL
005 20260301074252.0
008 050223s1984 xr n 000 0 cze
040 |a SNK  |b slo  |c SNK  |e AACR2 
041 0 |a cze 
044 |a xr  |c CZ 
080 |a 885.0-7.09  |2 1981 
080 |a 885.0-17.09  |2 1981 
100 1 |a Hájková, Alena,  |d 1926-2013  |4 aut  |9 221852 
245 1 0 |a Nejen o humoru  |c Alena Hájková 
250 |a 1. vyd. 
260 |a Praha  |b Československý spisovateľ 
300 |a 180 s.  |c 18 cm 
366 |e 1500 výtl. 
490 1 |a Kritické rozhledy. Malá řada  |v sv. 17 
504 |a Obsahuje bibliografické odkazy 
648 7 |a 20. stor.  |2 SNKPH  |9 275975 
650 0 7 |a česká literatúra  |2 SNKPH  |9 1178 
650 0 7 |a humor  |2 SNKPH  |9 1763 
655 7 |a štúdie  |2 SNKPH  |9 57033 
830 0 |a Kritické rozhledy  |9 389655 
958 |a OND 
999 |c 646742  |d 648672 
952 |a SNK  |b SNK  |y VYP  |7 0  |p 17A0459180  |o snkID 80392 D1  |i snkKIP 7040/84  |3 Rekatalogizácia  |0 0  |1 1  |4 0  |d 2005-02-23  |l 0  |r 2026-02-23 18:10:32  |w 2026-02-23